Econometric methods and their applications in finance, macro and related fields / (Record no. 23055)
[ view plain ]
| 000 -LEADER | |
|---|---|
| fixed length control field | 01040cam a22002655a 4500 |
| 001 - CONTROL NUMBER | |
| control field | 17963720 |
| 005 - DATE AND TIME OF LATEST TRANSACTION | |
| control field | 20161107124906.0 |
| 008 - FIXED-LENGTH DATA ELEMENTS--GENERAL INFORMATION | |
| fixed length control field | 131204t2014 si a frb 101 0 eng d |
| 020 ## - INTERNATIONAL STANDARD BOOK NUMBER | |
| International Standard Book Number | 9789814513463 |
| 040 ## - CATALOGING SOURCE | |
| Original cataloging agency | IEN/DLC |
| Language of cataloging | eng |
| Transcribing agency | IEN |
| Modifying agency | EG-ScBUE |
| 082 04 - DEWEY DECIMAL CLASSIFICATION NUMBER | |
| Classification number | 332.015195 |
| Edition number | 22 |
| Item number | ECO |
| 110 2# - MAIN ENTRY--CORPORATE NAME | |
| Corporate name or jurisdiction name as entry element | African Econometric Society. |
| Subordinate unit | Annual Conference |
| Number of part/section/meeting | (15th : |
| Date of meeting or treaty signing | 2010 : |
| Location of meeting | Cairo, Egypt) |
| 245 10 - TITLE STATEMENT | |
| Title | Econometric methods and their applications in finance, macro and related fields / |
| Statement of responsibility, etc | editors Kaddour Hadri, William Mikhail. |
| 260 ## - PUBLICATION, DISTRIBUTION, ETC. (IMPRINT) | |
| Place of publication, distribution, etc | Singapore ; |
| -- | Hackensack ; |
| -- | London : |
| Name of publisher, distributor, etc | World Scientific ; |
| Place of publication, distribution, etc | Cairo : |
| Name of publisher, distributor, etc | The American University : |
| -- | CIB, |
| Date of publication, distribution, etc | c.2014. |
| 300 ## - PHYSICAL DESCRIPTION | |
| Extent | ix, 605 p. : |
| Other physical details | ill. ; |
| Dimensions | 24 cm. |
| 500 ## - GENERAL NOTE | |
| General note | Index : p.587-605. |
| 504 ## - BIBLIOGRAPHY, ETC. NOTE | |
| Bibliography, etc | Includes bibliographical references. |
| 650 #7 - SUBJECT ADDED ENTRY--TOPICAL TERM | |
| Topical term or geographic name as entry element | Finance |
| General subdivision | Econometric models |
| Form subdivision | Congresses. |
| Source of heading or term | BUEsh |
| 650 #0 - SUBJECT ADDED ENTRY--TOPICAL TERM | |
| Topical term or geographic name as entry element | Econometrics |
| Form subdivision | Congresses. |
| Source of heading or term | BUEsh |
| 651 ## - SUBJECT ADDED ENTRY--GEOGRAPHIC NAME | |
| Source of heading or term | BUEsh |
| 653 ## - INDEX TERM--UNCONTROLLED | |
| Resource For college | BAEPS, Economics |
| Arrived date list | November2016 |
| 700 1# - ADDED ENTRY--PERSONAL NAME | |
| Personal name | Hadri, K. |
| Fuller form of name | (Kaddour) |
| Relator term | editor. |
| 700 1# - ADDED ENTRY--PERSONAL NAME | |
| Personal name | Mikhail, William, |
| Relator term | editor. |
| 942 ## - ADDED ENTRY ELEMENTS (KOHA) | |
| Source of classification or shelving scheme | Dewey Decimal Classification |
| Withdrawn status | Item status | Source of classification or shelving scheme | Damaged status | Not for loan | Vendor | Home library | Current library | Shelving location | Date acquired | Source of acquisition | Cost, normal purchase price | Total Checkouts | Full call number | Barcode | Date last seen | Koha item type |
|---|---|---|---|---|---|---|---|---|---|---|---|---|---|---|---|---|
| Dewey Decimal Classification | Baccah | Central Library | Central Library | First floor | 07/11/2016 | Purchase | 1950.00 | 332.015195 ECO | 000034696 | 15/07/2025 | NB - Book (Non borrowing) | |||||
| Dewey Decimal Classification | Baccah | Central Library | Central Library | First floor | 07/11/2016 | Purchase | 1950.00 | 332.015195 ECO | 000034697 | 15/07/2025 | NB - Book (Non borrowing) |